ảnh hưởng của khoảng cách trên năng suất lúa miến

Guardat en:
Dades bibliogràfiques
Autor principal: Trịnh Minh Long
Format: Llibre
Idioma:Undetermined
Publicat: Cần Thơ Viện Đại Học Cần Thơ - Trường Cao Đẳng Nông Nghiệp 1972
Matèries:
Etiquetes: Afegir etiqueta
Sense etiquetes, Sigues el primer a etiquetar aquest registre!
Thư viện lưu trữ: Trung tâm Học liệu Trường Đại học Cần Thơ
LEADER 00601nam a2200181Ia 4500
001 CTU_33460
008 210402s9999 xx 000 0 und d
082 |a 633.18 
082 |b L431 
100 |a Trịnh Minh Long 
245 0 |a ảnh hưởng của khoảng cách trên năng suất lúa miến 
245 0 |c Trịnh Minh Long 
260 |a Cần Thơ 
260 |b Viện Đại Học Cần Thơ - Trường Cao Đẳng Nông Nghiệp 
260 |c 1972 
650 |a rice - planting 
904 |i Minh, 991029 
980 |a Trung tâm Học liệu Trường Đại học Cần Thơ